[Event "Wch Seniors 23rd 2013"]
[Site "Opatija"]
[Date "2013.11.14"]
[Round "3.1"]
[White "Sorensen, Bent"]
[Black "Vaisser, Anatoly"]
[Result "0-1"]
[WhiteElo "2247"]
[BlackElo "2523"]
[PlyCount "116"]
[EventDate "2013.11.12"]

1. Nf3 g6 2. g3 Bg7 3. Bg2 e5 4. O-O Nc6 5. c4 d6 6. Nc3 Nge7 7. d3 h6 8. Rb1
a5 9. a3 Be6 10. e4 O-O 11. Nd5 f5 12. b4 axb4 13. axb4 fxe4 14. dxe4 Qd7 15.
Qd3 b5 16. cxb5 Na7 17. Nxe7+ Qxe7 18. Be3 Qd7 19. b6 cxb6 20. Rfd1 Nb5 21.
Bxb6 Ra3 22. Qd2 Raxf3 23. Bxf3 Rxf3 24. Ra1 Kh7 25. Rdc1 Rf8 26. Ra5 Rb8 27.
Be3 Bg4 28. Qd3 Bf3 29. Ba7 Bxe4 30. Qxe4 Nxa7 31. Ra6 Nb5 32. Qd5 Qb7 33. Rcc6
Nc7 34. Qxd6 Nxa6 35. Qxg6+ Kh8 36. Rxa6 Qxb4 37. Ra7 Qb1+ 38. Qxb1 Rxb1+ 39.
Kg2 Rb4 40. f3 Rb2+ 41. Kh3 Rf2 42. Ra3 Re2 43. Rb3 Kh7 44. Ra3 Kg6 45. Rb3 Bf6
46. Ra3 Rf2 47. Rb3 Kf5 48. Ra3 Be7 49. Rc3 Bb4 50. Rd3 Re2 51. Rb3 Bc5 52. Rb1
Bd4 53. Rd1 Be3 54. Ra1 Rf2 55. f4 exf4 56. gxf4 Bxf4 57. Rh1 Kg5 58. Rg1+ Kh5
0-1

[Event "Wch Seniors 23rd 2013"]
[Site "Opatija"]
[Date "2013.11.14"]
[Round "3.2"]
[White "Lind, Jan-Olof"]
[Black "Vasiukov, Evgeni"]
[Result "0-1"]
[WhiteElo "2238"]
[BlackElo "2457"]
[PlyCount "82"]
[EventDate "2013.11.12"]

1. e4 Nf6 2. d3 d5 3. exd5 Nxd5 4. Nf3 g6 5. g3 Bg7 6. Bg2 O-O 7. O-O c5 8. Re1
Nc6 9. Nbd2 Nb6 10. a4 a5 11. Ng5 Nb4 12. Nge4 Qc7 13. Nb3 c4 14. dxc4 Rd8 15.
Qe2 Qxc4 16. Be3 Qxe2 17. Rxe2 Nc4 18. c3 Nxe3 19. fxe3 Bg4 20. Rd2 Rxd2 21.
Nexd2 Nc2 22. Rc1 Nxe3 23. Bxb7 Rd8 24. Bf3 Be6 25. Re1 Bh6 26. Nd4 Nc2 27.
Nxc2 Rxd2 28. Nd4 Ba2 29. Nc6 e6 30. b4 Rd3 31. Ne5 Rxc3 32. bxa5 Rc5 33. a6
Ra5 34. Bb7 Rxa4 35. Nc6 Bf8 36. Rc1 Bc4 37. Nb8 Bd6 38. Rd1 Bxb8 39. Rd8+ Kg7
40. Rxb8 Bxa6 41. Bc6 Ra1+ 0-1

[Event "Wch Seniors 23rd 2013"]
[Site "Opatija"]
[Date "2013.11.14"]
[Round "3.3"]
[White "Kupreichik, Viktor D"]
[Black "Medancic, Rikard"]
[Result "1-0"]
[WhiteElo "2454"]
[BlackElo "2244"]
[PlyCount "63"]
[EventDate "2013.11.12"]

1. e4 d5 2. exd5 Qxd5 3. d4 Nf6 4. c4 Qd8 5. Nc3 c6 6. Nf3 Bg4 7. Be2 Nbd7 8.
Bf4 e6 9. h3 Bh5 10. O-O Be7 11. d5 exd5 12. cxd5 Bc5 13. dxc6 bxc6 14. Nd4
Bxd4 15. Bxh5 Bxc3 16. bxc3 O-O 17. Bf3 Rc8 18. Qa4 Nd5 19. Bxd5 cxd5 20. Qxa7
Rxc3 21. Bd6 Re8 22. Qd4 Rc2 23. Qxd5 Ree2 24. Bf4 Qe8 25. a4 h6 26. a5 Nf6 27.
Qd3 Ra2 28. Be3 Qa8 29. a6 Nd5 30. Qe4 Qxa6 31. Rxa2 Qxa2 32. Rd1 1-0

[Event "Wch Seniors 23rd 2013"]
[Site "Opatija"]
[Date "2013.11.14"]
[Round "3.4"]
[White "Rogulj, Branko"]
[Black "Gergel, Vladimir P"]
[Result "1-0"]
[WhiteElo "2420"]
[BlackElo "2237"]
[PlyCount "109"]
[EventDate "2013.11.12"]

1. e4 e5 2. Nf3 Nc6 3. Bb5 a6 4. Ba4 Nf6 5. O-O b5 6. Bb3 Bc5 7. a4 Rb8 8. axb5
axb5 9. Nxe5 Nxe5 10. d4 Bxd4 11. Qxd4 d6 12. Qa7 Nc6 13. Qe3 O-O 14. Nc3 Re8
15. f3 Be6 16. Bxe6 Rxe6 17. Qf2 h6 18. Rd1 Qe7 19. b3 b4 20. Ne2 Re5 21. Bb2
Rc5 22. Nf4 Ne5 23. Nd3 Rcb5 24. Ra7 Ne8 25. Rda1 Ng6 26. Re1 Kh7 27. f4 Qd7
28. h3 Qc8 29. Rea1 R8b7 30. R7a4 f5 31. e5 Qd7 32. Re1 Qd8 33. Kh2 Rb8 34. Qf3
d5 35. Qh5 Ne7 36. Qf7 R5b7 37. Nc5 Rb6 38. Ne6 Rxe6 39. Qxe6 Rb6 40. Qf7 d4
41. Qc4 Nd5 42. Bxd4 Rg6 43. Bf2 c6 44. g3 h5 45. Qe2 Kh6 46. Qd3 Qc8 47. Ra7
Qe6 48. Ra8 h4 49. Qf3 Ndc7 50. Rb8 hxg3+ 51. Bxg3 Na6 52. Rd8 Nc5 53. Bh4 Ne4
54. Rxe4 fxe4 55. Qxe4 1-0

[Event "Wch Seniors 23rd 2013"]
[Site "Opatija"]
[Date "2013.11.14"]
[Round "3.5"]
[White "Suba, Mihai"]
[Black "Kostanjsek, Zorko"]
[Result "1-0"]
[WhiteElo "2413"]
[BlackElo "2177"]
[PlyCount "83"]
[EventDate "2013.11.12"]

1. c4 e5 2. Nc3 d6 3. d4 exd4 4. Qxd4 Nc6 5. Qd2 Nf6 6. e4 a5 7. f3 Be6 8. b3
g6 9. Rb1 Bg7 10. Nge2 O-O 11. Nf4 Re8 12. Be2 Nd7 13. O-O Nc5 14. Nb5 Qd7 15.
Nd5 Bxd5 16. cxd5 Nb8 17. Bb2 Bxb2 18. Rxb2 Qd8 19. a3 Nbd7 20. b4 axb4 21.
axb4 Na6 22. Rc1 Nf6 23. Rbc2 Re7 24. Qd4 Ne8 25. Bf1 Qd7 26. f4 Rd8 27. Nc3 f6
28. Nd1 Qa4 29. Bxa6 Qxa6 30. Nc3 Qa8 31. Re2 Qa3 32. Rb1 Qa8 33. e5 fxe5 34.
fxe5 dxe5 35. Rxe5 Rxe5 36. Qxe5 Ng7 37. Ne4 Qa7+ 38. Kh1 Qa2 39. Rf1 h5 40.
Nf6+ Kh8 41. Qf4 Nf5 42. Qxc7 1-0

[Event "Wch Seniors 23rd 2013"]
[Site "Opatija"]
[Date "2013.11.14"]
[Round "3.6"]
[White "Mochalov, Evgeny V"]
[Black "Balmazi, Leon"]
[Result "1-0"]
[WhiteElo "2404"]
[BlackElo "2159"]
[PlyCount "93"]
[EventDate "2013.11.12"]

1. d4 Nf6 2. c4 c5 3. d5 b5 4. cxb5 a6 5. bxa6 Bxa6 6. Nc3 g6 7. Nf3 Bg7 8. e4
Bxf1 9. Kxf1 d6 10. h3 O-O 11. Kg1 Nbd7 12. Kh2 Qa5 13. Re1 Rfb8 14. Re2 Ne8
15. Rc2 Nc7 16. Bg5 Kf8 17. Qc1 Nb5 18. Nxb5 Qxb5 19. Bh6 Qd3 20. Bxg7+ Kxg7
21. Qd2 Qxe4 22. Re1 Qf5 23. Rxe7 Kf8 24. Re2 Re8 25. Rxe8+ Rxe8 26. Rc4 Re4
27. Rxe4 Qxe4 28. Ng5 Qe5+ 29. f4 Qg7 30. Ne4 Qd4 31. Qxd4 cxd4 32. Nxd6 d3 33.
Nc4 Nb6 34. Ne3 d2 35. Kg3 Nxd5 36. Nd1 Nb4 37. a3 Nd3 38. Kf3 h5 39. g3 h4 40.
gxh4 Ne1+ 41. Ke4 Ke7 42. f5 Ng2 43. fxg6 fxg6 44. Kd3 Nf4+ 45. Kxd2 Nxh3 46.
Ke3 Ke6 47. Nf2 1-0

[Event "Wch Seniors 23rd 2013"]
[Site "Opatija"]
[Date "2013.11.14"]
[Round "3.7"]
[White "Fucak, Emilijo"]
[Black "Chernikov, Oleg L"]
[Result "1/2-1/2"]
[WhiteElo "2223"]
[BlackElo "2400"]
[PlyCount "35"]
[EventDate "2013.11.12"]

1. c4 e6 2. g3 d5 3. Bg2 dxc4 4. Qa4+ Nd7 5. Qxc4 c5 6. d3 Rb8 7. Nf3 b5 8. Qc3
Bb7 9. O-O Ngf6 10. a4 a6 11. axb5 axb5 12. Ra7 Bd6 13. Ng5 Bxg2 14. Kxg2 Ra8
15. Rxa8 Qxa8+ 16. f3 O-O 17. Qb3 Rb8 18. Nc3 1/2-1/2

[Event "Wch Seniors 23rd 2013"]
[Site "Opatija"]
[Date "2013.11.14"]
[Round "3.8"]
[White "Van Riemsdijk, Herman C"]
[Black "Ashby, Anthony C"]
[Result "1-0"]
[WhiteElo "2347"]
[BlackElo "2121"]
[PlyCount "43"]
[EventDate "2013.11.12"]

1. e4 e6 2. d4 d5 3. Nc3 Nf6 4. Bg5 Be7 5. e5 Nfd7 6. h4 a6 7. Qg4 f5 8. Qh5+
Kf8 9. Nh3 Qe8 10. Bxe7+ Kxe7 11. Qg5+ Kf8 12. O-O-O c5 13. dxc5 Nc6 14. Na4
Qe7 15. Qe3 d4 16. Rxd4 b5 17. cxb6 Nxd4 18. Qxd4 Bb7 19. Nf4 Rc8 20. Bc4 Rxc4
21. Qxc4 Kf7 22. Qc7 1-0

[Event "Wch Seniors 23rd 2013"]
[Site "Opatija"]
[Date "2013.11.14"]
[Round "3.9"]
[White "Mclaren, Brian"]
[Black "Chernov, Evgen"]
[Result "0-1"]
[WhiteElo "2158"]
[BlackElo "2325"]
[PlyCount "72"]
[EventDate "2013.11.12"]

1. g3 d5 2. Bg2 g6 3. c4 e6 4. Nf3 Bg7 5. O-O Ne7 6. Qc2 d4 7. d3 Nbc6 8. Nbd2
O-O 9. Rb1 Nb4 10. Qa4 a5 11. a3 Bd7 12. Qd1 Na2 13. Ra1 Nxc1 14. Qxc1 c5 15.
b3 Qc7 16. Rb1 Rfc8 17. Ne1 Ra7 18. Qb2 Qe5 19. Ndf3 Qb8 20. b4 cxb4 21. axb4
b5 22. cxb5 Nd5 23. Nc2 Nc3 24. Rbe1 e5 25. bxa5 Rxa5 26. Na3 Bf8 27. Ra1 Bxa3
28. Rxa3 Rxa3 29. Qxa3 Nxe2+ 30. Kh1 Re8 31. Ng5 Nc3 32. Qb3 Be6 33. Nxe6 Rxe6
34. Bd5 Rf6 35. Bc4 Qb7+ 36. Kg1 Ne2# 0-1

[Event "Wch Seniors 23rd 2013"]
[Site "Opatija"]
[Date "2013.11.14"]
[Round "3.10"]
[White "Filipenko, Alexander V"]
[Black "Dogantug, Ahmet Ismail"]
[Result "1/2-1/2"]
[WhiteElo "2288"]
[BlackElo "2117"]
[PlyCount "127"]
[EventDate "2013.11.12"]

1. e4 e5 2. Nf3 Nc6 3. Bb5 a6 4. Ba4 Nf6 5. O-O Be7 6. Re1 b5 7. Bb3 d6 8. a4
Bg4 9. c3 O-O 10. h3 Bh5 11. d3 Na5 12. Bc2 c5 13. Nbd2 b4 14. cxb4 cxb4 15.
Nb3 Rc8 16. Nxa5 Qxa5 17. Bb3 Nd7 18. g4 Bg6 19. Be3 Bd8 20. Nd2 Nc5 21. Bd5
Qc7 22. Nb3 Nxb3 23. Qxb3 a5 24. Rec1 Qd7 25. Rxc8 Qxc8 26. Qc4 Qd7 27. Qc6 Qe7
28. Kg2 h5 29. f3 Kh7 30. Qb7 Qxb7 31. Bxb7 f6 32. Bd5 hxg4 33. hxg4 Bf7 34.
Rc1 Bxd5 35. exd5 Rf7 36. Rc6 Rd7 37. Kf2 Kg6 38. Bb6 Bxb6+ 39. Rxb6 Kf7 40.
Ke3 Ke7 41. Ra6 Rc7 42. Rxa5 Rc2 43. Ra7+ Kf8 44. Rd7 Rxb2 45. Rxd6 Ra2 46. Ke4
Rxa4 47. Kf5 Ke7 48. Rb6 Ra3 49. d6+ Kd7 50. Ke4 b3 51. g5 Ra4+ 52. Ke3 fxg5
53. Rxb3 Kxd6 54. Rb6+ Ke7 55. Rg6 Kf7 56. Rxg5 Kf6 57. Rg1 g5 58. Rg4 Ra1 59.
Rb4 Kf5 60. Rb8 Re1+ 61. Kf2 Ra1 62. Rf8+ Ke6 63. Ke3 Re1+ 64. Kf2 1/2-1/2

[Event "Wch Seniors 23rd 2013"]
[Site "Opatija"]
[Date "2013.11.14"]
[Round "3.11"]
[White "La Rota, Fabio"]
[Black "Morriss, Pete"]
[Result "1-0"]
[WhiteElo "2258"]
[BlackElo "2008"]
[PlyCount "49"]
[EventDate "2013.11.12"]

1. d4 Nf6 2. Nf3 e6 3. Bf4 c5 4. e3 Be7 5. c3 b6 6. h3 Bb7 7. Nbd2 O-O 8. Bd3
cxd4 9. exd4 d6 10. O-O Nbd7 11. Nc4 Qc7 12. Re1 Rfe8 13. Bg3 Rad8 14. Ncd2 Bf8
15. Qb3 e5 16. Bc4 d5 17. Bb5 Bd6 18. dxe5 Nxe5 19. Bxe8 Nxf3+ 20. Nxf3 Bxg3
21. Bxf7+ Qxf7 22. fxg3 Ne4 23. g4 Rf8 24. Rad1 Kh8 25. Rxe4 1-0

[Event "Wch Seniors 23rd 2013"]
[Site "Opatija"]
[Date "2013.11.14"]
[Round "3.12"]
[White "Tsomaia, Sergo"]
[Black "Jorgensen, Jorgen"]
[Result "1/2-1/2"]
[WhiteElo "1859"]
[BlackElo "2257"]
[PlyCount "118"]
[EventDate "2013.11.12"]

1. e4 c6 2. d4 d5 3. exd5 cxd5 4. Bd3 Nc6 5. c3 g6 6. Bf4 Nf6 7. Nf3 Nh5 8. Bg3
Bg7 9. O-O Nxg3 10. hxg3 O-O 11. Re1 Qd6 12. Nbd2 Bg4 13. Qb3 Rab8 14. a4 Rfe8
15. Qa3 Qc7 16. a5 e5 17. dxe5 Nxe5 18. Nxe5 Bxe5 19. Bb5 Red8 20. Qb4 h5 21.
Nb3 a6 22. Be2 Bxe2 23. Rxe2 Bf6 24. Rd2 Be7 25. Qa4 Qc4 26. Nd4 Qxa4 27. Rxa4
Rbc8 28. Nb3 Bf6 29. Ra1 d4 30. cxd4 Rd5 31. Rad1 Rc4 32. Nc5 Rb4 33. Ne4 Bg7
34. Nc3 Rdxd4 35. Rxd4 Rxd4 36. Rxd4 Bxd4 37. Nd1 Kf8 38. Kf1 Ke7 39. Ke2 Bc5
40. Ne3 Ke6 41. Kd3 Kd7 42. g4 h4 43. g5 Ke6 44. Ke4 b5 45. axb6 Bxb6 46. Ng4
Bc7 47. f4 Bd8 48. Ne5 Bb6 49. Kf3 Bd4 50. Nd3 a5 51. Ke4 Bg7 52. b3 Bb2 53.
Nc5+ Kd6 54. Nd3 f5+ 55. gxf6 Bxf6 56. Ne1 Kc5 57. Nd3+ Kd6 58. Nf2 Bc3 59. Nd3
Bf6 1/2-1/2

[Event "Wch Seniors 23rd 2013"]
[Site "Opatija"]
[Date "2013.11.14"]
[Round "3.13"]
[White "Hulak, Krunoslav"]
[Black "Theting, Helge E"]
[Result "1-0"]
[WhiteElo "2473"]
[BlackElo "1979"]
[PlyCount "77"]
[EventDate "2013.11.12"]

1. d4 g6 2. Nf3 Bg7 3. c4 d6 4. Nc3 Nd7 5. g3 c6 6. Bg2 e5 7. O-O Ne7 8. d5 c5
9. e4 h6 10. Ne1 O-O 11. Nd3 Nb6 12. b3 f5 13. f3 g5 14. Rb1 Nd7 15. exf5 Nxf5
16. Ne4 Nf6 17. Ndf2 Qe7 18. Re1 Nxe4 19. Nxe4 Qc7 20. Rb2 Bd7 21. Rf2 Rf7 22.
Qd3 Raf8 23. Bb2 Ne7 24. Qf1 Ng6 25. Bh3 Bf5 26. Bxf5 Rxf5 27. Bc3 Rd8 28. Qd3
Ne7 29. b4 b6 30. bxc5 bxc5 31. Rb1 Rff8 32. Rfb2 Qd7 33. Rb7 Qe8 34. Rxa7 Nc8
35. Ra8 Qh5 36. g4 Qh3 37. Rf1 Rf7 38. Be1 Rdf8 39. Bg3 1-0

[Event "Wch Seniors 23rd 2013"]
[Site "Opatija"]
[Date "2013.11.14"]
[Round "3.14"]
[White "Wittmann, Walter"]
[Black "Balashov, Yuri S"]
[Result "1/2-1/2"]
[WhiteElo "2224"]
[BlackElo "2440"]
[PlyCount "84"]
[EventDate "2013.11.12"]

1. e4 c5 2. Nf3 Nc6 3. d4 cxd4 4. Nxd4 Qb6 5. Nb3 Nf6 6. Nc3 e6 7. Bd3 a6 8.
O-O Qc7 9. a4 b6 10. Qe2 Be7 11. Bd2 O-O 12. Rae1 d5 13. e5 Nd7 14. f4 Nc5 15.
f5 Nxb3 16. f6 Bc5+ 17. Kh1 g6 18. cxb3 Rd8 19. Bf4 Bb7 20. h4 Nb4 21. Bb1 d4
22. Ne4 d3 23. Qd2 Rd4 24. Nxc5 bxc5 25. h5 Qd8 26. Re3 Qd5 27. hxg6 hxg6 28.
Rh3 g5 29. Rg3 Kf8 30. Rxg5 Ke8 31. Rg7 Re4 32. Rf2 Rd8 33. Qd1 Re2 34. Rg8+
Kd7 35. Rxd8+ Kxd8 36. Rxe2 dxe2 37. Qxe2 Qxb3 38. Be4 Bxe4 39. Qxe4 Nd5 40.
Bh2 Qd1+ 41. Bg1 Qh5+ 42. Bh2 Qd1+ 1/2-1/2

[Event "Wch Seniors 23rd 2013"]
[Site "Opatija"]
[Date "2013.11.14"]
[Round "3.15"]
[White "Karason, Askell O"]
[Black "Blechzin, Igor"]
[Result "1-0"]
[WhiteElo "2220"]
[BlackElo "2411"]
[PlyCount "93"]
[EventDate "2013.11.12"]

1. d4 Nf6 2. c4 g6 3. Nc3 Bg7 4. Nf3 O-O 5. Bg5 h6 6. Bh4 c5 7. d5 e6 8. e3
exd5 9. cxd5 d6 10. Nd2 b6 11. Be2 Ba6 12. O-O Bxe2 13. Qxe2 a6 14. a4 Nbd7 15.
Nc4 Qe7 16. Bg3 Ne8 17. Rfe1 f5 18. Qc2 Rb8 19. Rad1 Ne5 20. Bxe5 Bxe5 21. Nxe5
Qxe5 22. f4 Qg7 23. e4 fxe4 24. Rxe4 Nc7 25. Rde1 Rbe8 26. h3 Rxe4 27. Rxe4 b5
28. axb5 axb5 29. b4 cxb4 30. Rxb4 Na6 31. Rxb5 Rxf4 32. Ne2 Rf8 33. Rb6 Qa1+
34. Kh2 Kg7 35. Qc3+ Qxc3 36. Nxc3 Nc5 37. Rxd6 Rf2 38. Rc6 Nd3 39. Rc7+ Rf7
40. d6 Ne5 41. Nd5 Nd7 42. Ne7 Nf8 43. Nc6 Kf6 44. Ne5 Rh7 45. d7 Ne6 46. d8=Q+
Nxd8 47. Ng4+ 1-0

[Event "Wch Seniors 23rd 2013"]
[Site "Opatija"]
[Date "2013.11.14"]
[Round "3.16"]
[White "Kristiansen, Jens"]
[Black "Vokoun, Jan"]
[Result "0-1"]
[WhiteElo "2407"]
[BlackElo "2185"]
[PlyCount "156"]
[EventDate "2013.11.12"]

1. d4 c5 2. d5 g6 3. e4 e5 4. f4 exf4 5. Bxf4 d6 6. Nc3 a6 7. e5 Bh6 8. Bg3 Ne7
9. Ne4 Nf5 10. Nxd6+ Nxd6 11. exd6 O-O 12. Nf3 Bg4 13. Be2 Bxf3 14. Bxf3 Re8+
15. Be2 Qf6 16. c3 Nd7 17. Rf1 Qg5 18. Rf2 Ne5 19. Kf1 Qd8 20. Bf4 Bxf4 21.
Rxf4 Qxd6 22. Qd2 Re7 23. Kg1 Rae8 24. Raf1 f5 25. R4f2 Kg7 26. c4 h5 27. Qc3
Qf6 28. Qd2 Nf7 29. Bf3 Nd6 30. b3 b6 31. g3 Re3 32. Re2 Rxe2 33. Bxe2 Qe5 34.
Bf3 Kh7 35. Qf4 Kg7 36. Kg2 Kf6 37. Rf2 b5 38. cxb5 axb5 39. a4 Qxf4 40. gxf4
bxa4 41. bxa4 Ne4 42. Ra2 Ke7 43. Be2 Ra8 44. Ra3 Kd6 45. Bc4 Nd2 46. Bb5 c4
47. Bc6 Ra5 48. Kf2 Kc5 49. Ke3 Nb3 50. Ra2 Ra7 51. Rg2 Re7+ 52. Kf3 Nd4+ 53.
Kg3 Nxc6 54. dxc6 Kxc6 55. Kf3 Re6 56. Rb2 Kc5 57. Rb5+ Kd4 58. a5 c3 59. Rb6
Rxb6 60. axb6 c2 61. b7 c1=Q 62. b8=Q Qh1+ 63. Kg3 h4+ 64. Kxh4 Qxh2+ 65. Kg5
Qg3+ 66. Kf6 Ke3 67. Qe5+ Kf3 68. Qd4 Qxf4 69. Qd1+ Kg2 70. Qc2+ Kh3 71. Kxg6
Qg4+ 72. Kf6 f4 73. Qc1 Qf3 74. Kf5 Qe3 75. Qc6 f3 76. Qc4 f2 77. Kg6 Qg3+ 78.
Kf7 Qf3+ 0-1

[Event "Wch Seniors 23rd 2013"]
[Site "Opatija"]
[Date "2013.11.14"]
[Round "3.17"]
[White "Kakageldyev, Amanmurad"]
[Black "Schouten, Nico"]
[Result "1-0"]
[WhiteElo "2384"]
[BlackElo "2201"]
[PlyCount "71"]
[EventDate "2013.11.12"]

1. d4 Nf6 2. c4 g6 3. Nc3 Bg7 4. e4 d6 5. Nge2 O-O 6. Ng3 e5 7. d5 Ng4 8. f3
Nh6 9. Be2 f5 10. exf5 Nxf5 11. O-O Qh4 12. Qe1 Nxg3 13. hxg3 Qe7 14. Be3 Nd7
15. Qd2 Nf6 16. g4 Bd7 17. Rae1 a6 18. b4 Rae8 19. Bd3 Bc8 20. c5 Nd7 21. cxd6
Qxd6 22. a3 e4 23. Bxe4 b6 24. Bb1 Bb7 25. Ne4 Qe5 26. Rd1 Qb2 27. Qxb2 Bxb2
28. Ba2 Kg7 29. Bd4+ Bxd4+ 30. Rxd4 Ne5 31. Rc1 Re7 32. Ng5 Bc8 33. Re4 Rfe8
34. Rce1 Kf6 35. Ne6 Bxe6 36. Rxe5 1-0

[Event "Wch Seniors 23rd 2013"]
[Site "Opatija"]
[Date "2013.11.14"]
[Round "3.18"]
[White "Hartung-Nielsen, Jens"]
[Black "Herzog, Adolf"]
[Result "1-0"]
[WhiteElo "2219"]
[BlackElo "2379"]
[PlyCount "95"]
[EventDate "2013.11.12"]

1. d4 d5 2. Nf3 Nf6 3. e3 Bf5 4. c4 c6 5. Nc3 e6 6. Nh4 Bg6 7. Bd2 Nbd7 8. Qb3
Rb8 9. Nxg6 hxg6 10. Be2 Bd6 11. h3 Qe7 12. O-O-O O-O 13. Kb1 dxc4 14. Qxc4
Rfc8 15. e4 e5 16. f4 b5 17. Qd3 exd4 18. e5 dxc3 19. exd6 Qe6 20. Bxc3 Nd5 21.
Bg4 Qxd6 22. Be5 Nxe5 23. fxe5 Qxe5 24. Bxc8 Rxc8 25. Rhe1 Qg5 26. Qe4 a5 27.
Rc1 a4 28. a3 Qf6 29. Rf1 Qd6 30. Qf3 Qd7 31. Rfd1 Re8 32. Re1 Rd8 33. Qe4 Qd6
34. Qe5 Kf8 35. Qg5 Rc8 36. Red1 Qe6 37. Re1 Qd7 38. h4 Qf5+ 39. Qxf5 gxf5 40.
Re5 Ne7 41. h5 f6 42. Re6 Kf7 43. Rd6 f4 44. Re1 Nf5 45. Rd7+ Kf8 46. Re4 Ng3
47. Rxf4 Nxh5 48. Rh4 1-0

[Event "Wch Seniors 23rd 2013"]
[Site "Opatija"]
[Date "2013.11.14"]
[Round "3.19"]
[White "Haubt, Georg"]
[Black "Karasev, Vladimir I"]
[Result "1/2-1/2"]
[WhiteElo "2206"]
[BlackElo "2377"]
[PlyCount "119"]
[EventDate "2013.11.12"]

1. d4 g6 2. e4 Bg7 3. Nc3 c6 4. Be3 d5 5. Qd2 dxe4 6. Nxe4 Nd7 7. Nf3 Ngf6 8.
Nxf6+ Nxf6 9. Bc4 Ne4 10. Qc1 Nd6 11. Bb3 Bg4 12. Nd2 Nf5 13. c3 Nxe3 14. fxe3
e5 15. O-O O-O 16. h3 Bd7 17. Ne4 Qe7 18. Nc5 Bc8 19. Qd2 b6 20. Nd3 Ba6 21.
Rf2 c5 22. Nxe5 Bxe5 23. dxe5 Rad8 24. Bd5 Qxe5 25. e4 Kg7 26. Qf4 Qxf4 27.
Rxf4 g5 28. Rf5 h6 29. c4 Bc8 30. Rf2 Rde8 31. Raf1 f6 32. a3 Be6 33. e5 Bxd5
34. exf6+ Kg6 35. cxd5 Re5 36. Rd1 Rxf6 37. d6 Rxf2 38. Kxf2 Re8 39. d7 Rd8 40.
Rd6+ Kf5 41. Rxh6 Rxd7 42. Ke3 c4 43. Rc6 Rd3+ 44. Ke2 Rb3 45. Rxc4 Rxb2+ 46.
Kf1 a5 47. Ra4 Ra2 48. g3 Ke5 49. h4 gxh4 50. gxh4 Kd5 51. Kg1 Ke5 52. h5 Kf6
53. Rg4 Rxa3 54. Rg6+ Kf7 55. Rxb6 a4 56. Ra6 Ra2 57. h6 Kg8 58. Ra7 a3 59. Kh1
Kh8 60. Kg1 1/2-1/2

[Event "Wch Seniors 23rd 2013"]
[Site "Opatija"]
[Date "2013.11.14"]
[Round "3.21"]
[White "Furman, Boris"]
[Black "Shvedchikov, Anatoli I"]
[Result "1/2-1/2"]
[WhiteElo "2194"]
[BlackElo "2363"]
[PlyCount "66"]
[EventDate "2013.11.12"]

1. d4 Nf6 2. c4 g6 3. Nc3 d5 4. Bg5 Ne4 5. Bh4 Nxc3 6. bxc3 dxc4 7. e3 Be6 8.
Nf3 Bg7 9. Be2 O-O 10. O-O Nc6 11. Ng5 Bd7 12. Bxc4 Na5 13. Bd3 c5 14. f4 cxd4
15. cxd4 f5 16. Be1 h6 17. Nf3 Bc6 18. Ne5 Bxe5 19. fxe5 Bd5 20. g4 e6 21. Bxa5
Qxa5 22. gxf5 gxf5 23. Kf2 Kh7 24. Rg1 Rg8 25. Qh5 Raf8 26. Rac1 Qxa2+ 27. Be2
Bc6 28. Rxg8 Rxg8 29. Rg1 Be8 30. Qh4 Rxg1 31. Kxg1 Qa3 32. Kf2 Bc6 33. Qf6 Qa2
1/2-1/2

[Event "Wch Seniors 23rd 2013"]
[Site "Opatija"]
[Date "2013.11.14"]
[Round "3.22"]
[White "Vogel, Jaap"]
[Black "Berkovich, Mark A"]
[Result "1/2-1/2"]
[WhiteElo "2191"]
[BlackElo "2357"]
[PlyCount "80"]
[EventDate "2013.11.12"]

1. d4 Nf6 2. Nf3 e6 3. Bg5 c5 4. e3 h6 5. Bh4 b6 6. Bd3 Bb7 7. O-O Be7 8. Nbd2
cxd4 9. exd4 O-O 10. c3 Nc6 11. Re1 Nd5 12. Bxe7 Ncxe7 13. Bf1 d6 14. g3 Qc7
15. c4 Nf6 16. Rc1 a5 17. Bg2 Rfc8 18. a4 Nc6 19. Nb1 Nb4 20. Nc3 Qxc4 21. Nd2
Qc7 22. Nb5 Qxc1 23. Bxb7 Qxb2 24. Bxa8 Rxa8 25. Nc4 Qc2 26. Qxc2 Nxc2 27. Rc1
Nb4 28. Nxb6 Ra6 29. Rc8+ Kh7 30. Nc4 Rc6 31. Nbxd6 Rxc8 32. Nxc8 Nc6 33. N8d6
Kg6 34. Ne5+ Nxe5 35. dxe5 Nd7 36. Nc4 Kf5 37. Nxa5 Nb6 38. f4 g5 39. Nb7 Nxa4
40. Nd6+ Kg6 1/2-1/2

[Event "Wch Seniors 23rd 2013"]
[Site "Opatija"]
[Date "2013.11.14"]
[Round "3.23"]
[White "Agzamov, Valery"]
[Black "Giffard, Nicolas"]
[Result "1-0"]
[WhiteElo "2183"]
[BlackElo "2348"]
[PlyCount "79"]
[EventDate "2013.11.12"]

1. d4 Nf6 2. c4 e6 3. Nf3 d5 4. Nc3 Be7 5. cxd5 exd5 6. Bg5 c6 7. Qc2 Nbd7 8.
e3 Nf8 9. Bd3 Ne6 10. Bh4 g6 11. h3 Ng7 12. Bg3 Bf5 13. O-O-O O-O 14. Kb1 Bxd3
15. Qxd3 Nf5 16. Bh2 Nd6 17. Nd2 b5 18. f3 b4 19. Na4 Nb5 20. Rc1 Rc8 21. Rc2
Bd6 22. Bg1 Qa5 23. Nc5 Bxc5 24. Nb3 Qd8 25. Nxc5 Ne8 26. Bf2 Ned6 27. h4 Re8
28. h5 a5 29. hxg6 fxg6 30. Bh4 Qc7 31. Bg5 Qf7 32. Bf4 Qf5 33. Qd1 g5 34. Rh5
Nf7 35. Bxg5 Qg6 36. f4 Rxe3 37. Nd7 Rd3 38. Nf6+ Kf8 39. Qg4 Nbd6 40. Nxh7+
1-0

[Event "Wch Seniors 23rd 2013"]
[Site "Opatija"]
[Date "2013.11.14"]
[Round "3.24"]
[White "Serra Olives, Tomas"]
[Black "Stepovoj, Vladimir"]
[Result "1/2-1/2"]
[WhiteElo "2169"]
[BlackElo "2345"]
[PlyCount "59"]
[EventDate "2013.11.12"]

1. e4 c5 2. Nf3 Nc6 3. d4 cxd4 4. Nxd4 e5 5. Nb5 a6 6. Nd6+ Bxd6 7. Qxd6 Qe7 8.
Qd1 Nf6 9. Nc3 d6 10. Bg5 Be6 11. Nd5 Bxd5 12. exd5 Nb8 13. g3 Nbd7 14. Bh3 h6
15. Bxd7+ Kxd7 16. Bxf6 Qxf6 17. Qg4+ Ke7 18. O-O Rhc8 19. Qe4 b5 20. a4 Rab8
21. axb5 Rxb5 22. Qg4 Rc7 23. Rxa6 Rxd5 24. Qb4 Qf3 25. Rc6 Rc5 26. Rxc7+ Rxc7
27. c4 Rb7 28. Qd2 Qb3 29. Rd1 Qb4 30. Qd5 1/2-1/2

[Event "Wch Seniors 23rd 2013"]
[Site "Opatija"]
[Date "2013.11.14"]
[Round "3.25"]
[White "Sloth, Jorn"]
[Black "Gundersen, Helge"]
[Result "1-0"]
[WhiteElo "2338"]
[BlackElo "2183"]
[PlyCount "83"]
[EventDate "2013.11.12"]

1. Nf3 e6 2. g3 b5 3. Bg2 Bb7 4. O-O Nf6 5. d3 Be7 6. e4 d6 7. Nd4 a6 8. f4 c5
9. Nf3 d5 10. e5 Nfd7 11. Qe2 Nc6 12. c4 Nb6 13. cxd5 Qxd5 14. Nc3 Nd4 15. Nxd4
Qxd4+ 16. Be3 Qd7 17. Ne4 Rc8 18. Rac1 Bxe4 19. Bxe4 Nd5 20. Bf2 O-O 21. a3 Rc7
22. Rc2 Rfc8 23. Rfc1 f5 24. exf6 Nxf6 25. Bg2 Kf7 26. Bh3 Bd6 27. Re1 Re8 28.
Qf3 Qc6 29. Qxc6 Rxc6 30. b4 c4 31. dxc4 bxc4 32. Bg2 Rc7 33. Rec1 Rec8 34. Bb6
Re7 35. Rxc4 Rxc4 36. Rxc4 e5 37. Rc6 Bb8 38. Rc8 Bd6 39. Rd8 Nd7 40. Bd5+ Kg6
41. Be4+ Kh6 42. Bf5 1-0

[Event "Wch Seniors 23rd 2013"]
[Site "Opatija"]
[Date "2013.11.14"]
[Round "3.26"]
[White "Wahlbom, Magnus"]
[Black "Neumann, Joachim"]
[Result "1-0"]
[WhiteElo "2304"]
[BlackElo "2175"]
[PlyCount "77"]
[EventDate "2013.11.12"]

1. e4 c5 2. Nf3 Nc6 3. d4 cxd4 4. Nxd4 Nf6 5. Nc3 e5 6. Ndb5 d6 7. Nd5 Nxd5 8.
exd5 Nb8 9. a4 Be7 10. Be2 a6 11. Na3 O-O 12. O-O f5 13. f4 Nd7 14. Kh1 Bf6 15.
g3 exf4 16. gxf4 Nc5 17. Nc4 Ne4 18. Be3 Bd7 19. Bb6 Qe8 20. Bd3 Bxa4 21. Re1
Qd7 22. Bg1 Bd8 23. Bxe4 fxe4 24. Rxe4 Bb5 25. Ne3 Qf7 26. c4 Bd7 27. Qe2 Bf6
28. Re1 Rae8 29. Nf5 Rxe4 30. Qxe4 Re8 31. Qxe8+ Bxe8 32. Nxd6 Bb5 33. Nxf7
Bxc4 34. Nd6 Bxd5+ 35. Ne4 Bxb2 36. Bb6 Bc3 37. Re2 a5 38. Kg1 Bb4 39. Bc5 1-0

[Event "Wch Seniors 23rd 2013"]
[Site "Opatija"]
[Date "2013.11.14"]
[Round "3.28"]
[White "Altshul, Raffael"]
[Black "Piasetski, Leon"]
[Result "0-1"]
[WhiteElo "2150"]
[BlackElo "2288"]
[PlyCount "74"]
[EventDate "2013.11.12"]

1. e4 c5 2. Nf3 e6 3. d4 cxd4 4. Nxd4 a6 5. c4 Nf6 6. Nc3 Qc7 7. a3 b6 8. Bd3
d6 9. O-O Be7 10. Be3 O-O 11. Rc1 Nbd7 12. b4 Bb7 13. f3 Rfe8 14. Nb3 Rac8 15.
Be2 Qb8 16. Qd4 Rcd8 17. Rfd1 Nc5 18. Rb1 Nxb3 19. Rxb3 Nd7 20. Qd2 Qc7 21.
Rbb1 Rc8 22. Rbc1 Qb8 23. Bf1 Bc6 24. Qf2 Rc7 25. Bd4 Rec8 26. Be3 b5 27. cxb5
axb5 28. Ne2 Ne5 29. Nd4 Be8 30. Rxc7 Rxc7 31. Rc1 Nc4 32. Bxc4 bxc4 33. Qe2
Qa8 34. Nc2 Qa4 35. Bd4 Qb3 36. Qe3 Ba4 37. Qc3 e5 0-1